000 00827pam a2200277 a 4500
999 _c1463
_d1463
001 4850509
003 OSt
005 20210310121926.0
008 910220s1991 paua b 001 0 eng c
010 _a 91009672
020 _a156375004X
040 _aDNLM/DLC
_cDLC
_dDLC
050 1 0 _aRC804.R6
_bF37 1991
060 _aWI 141 F233g
082 0 0 _aWI141 F237g 1991
_220
100 1 _aFarman, Jack.
_93858
245 1 0 _aGastrointestinal Radiology
260 _aPhiladelphia :
_bLippincott ;
_cc1991.
300 _a1 v. (various pagings) :
_bill. (some col.) ;
_c26 cm.
504 _aIncludes bibliographical references and index.
650 0 _aRadiogy
_93859
650 2 _aGastrointestinal Diseases
_93860
906 _a7
_bcbc
_corignew
_d1
_eocip
_f19
_gy-gencatlg
942 _2z
_cSLOAN